[Event "SVK-chT1W 9798"]
[Site "SVK"]
[Date "1998.??.??"]
[Round "?"]
[White "Petrik, Stanislav"]
[Black "Borik, Juraj"]
[Result "0-1"]
[WhiteElo "2180"]
[BlackElo "2105"]

1.e4 c5 2.Nf3 d6 3.Bb5+ Bd7 4.Bxd7+ Qxd7 5.O-O g6 6.e5 Nc6 7.exd6 exd6 8.d4 O-O-O
9.c3 Nf6 10.Nbd2 h6 11.a3 Nd5 12.Nc4 Bg7 13.Qd3 f5 14.b4 cxd4 15.cxd4 Kb8
16.b5 Nce7 17.a4 f4 18.Ba3 Nf5 19.Qb3 Qf7 20.Na5 Rhf8 21.Rad1 Nb6 22.d5 Qf6
23.Nc6+ bxc6 24.a5 c5 25.axb6 axb6 26.Qa4 Qc3 27.Nd2 Rd7 28.Nb1 Qa1 29.Qxf4 Ra7
30.Qg4 g5 31.Qh3 Bd4 32.Rfe1 Qa2 33.Qh5 Raf7 34.Re2 Qxd5 35.Nd2 Nh4 36.Qg4 Rf4
37.Qg3 Nf5 38.Qh3 Kc7 39.Bc1 Kb8 40.g3 Rg8 41.Qg2 Qf7 42.Kh1 Rg4 43.f3 Rxg3
44.Re7 Qxe7 45.hxg3 Qe2 46.Ne4 Qxg2+ 47.Kxg2 d5 48.Rh1 dxe4 49.fxe4 Ne3+
50.Bxe3 Bxe3 51.Kf3 Bd4 52.Rxh6 c4 53.e5 c3 54.Ke2 c2 55.Kd2 Rc8 56.Rc6 Rxc6
57.bxc6 Bxe5 58.g4 Kc7 59.Kxc2 Kxc6  0-1

[Event "SVK-chT2b 9798"]
[Site "SVK"]
[Date "1998.??.??"]
[Round "?"]
[White "Detko, Jan"]
[Black "Pinter, Erik"]
[Result "1/2-1/2"]
[WhiteElo "2120"]
[BlackElo "2030"]

1.e4 c5 2.Nf3 d6 3.Bb5+ Nd7 4.c4 Nf6 5.Nc3 g6 6.d4 cxd4 7.Nxd4 Bg7 8.Be3 O-O
9.Bxd7 Nxd7 10.f3 Ne5 11.b3 f5 12.exf5 gxf5 13.O-O f4 14.Bf2 Bf5 15.Nxf5 Rxf5
16.Qd5+ Kh8 17.Rad1 Qd7 18.Bd4 Rg8 19.Qe4 e6 20.Kh1 Bf6 21.Ne2 Qg7 22.g4 fxg3
23.Nxg3 Rh5 24.Rg1 Rh4 25.Qe2 Rxd4 26.Rxd4 Nxf3 27.Rxd6 Nxg1 28.Kxg1 Bd4+
29.Kh1 e5 30.Qg2 Qg4 31.Qe2 Qh3 32.Rxd4 exd4 33.Qe5+ Rg7 34.Qe8+  1/2-1/2

[Event "SVK-chT1W 9798"]
[Site "SVK"]
[Date "1998.??.??"]
[Round "?"]
[White "Petrik, Stanislav"]
[Black "Dobias, Richard"]
[Result "1-0"]
[WhiteElo "2180"]
[BlackElo "2220"]

1.e4 c5 2.Nf3 d6 3.Bb5+ Bd7 4.Bxd7+ Qxd7 5.O-O Nc6 6.c3 e6 7.d4 d5 8.dxc5 Bxc5
9.exd5 exd5 10.Bg5 Nge7 11.Nbd2 O-O 12.Nb3 Bb6 13.Qd3 h6 14.Bxe7 Nxe7 15.Rad1 Rad8
16.Nbd4 Qd6 17.Rfe1 Qf6 18.g3 Rfe8 19.Kg2 g6 20.Qb5 Qd6 21.a4 Bxd4 22.Rxd4 a6
23.Qb3 Qc7 24.Rb4 Rb8 25.Rb6 Red8 26.Qb4 Nc6 27.Qc5 Re8 28.Rxe8+ Rxe8 29.b4 Re7
30.a5 Qd7 31.b5 axb5 32.a6 Qd8 33.axb7 Nb8 34.Rd6 Qe8 35.Qc8 Kg7 36.Rd8  1-0

[Event "SVK-chT 9899"]
[Site "SVK"]
[Date "1998.??.??"]
[Round "2"]
[White "Oral, Tomas"]
[Black "Ftacnik, Lubomir"]
[Result "1/2-1/2"]
[WhiteElo "2510"]
[BlackElo "2550"]

1.e4 c5 2.Nf3 d6 3.Bb5+ Nd7 4.d4 Nf6 5.Nc3 a6 6.Bxd7+ Nxd7 7.O-O e6 8.Bg5 Qc7
9.dxc5 dxc5 10.Qd2 f6 11.Bf4 Qc6 12.a4 Be7 13.Rfd1 b6 14.Qe2 O-O 15.Rd2 Re8
16.Qc4 b5 17.Nd4 Qb7 18.Qxe6+ Kf8 19.Nf5 Nb6 20.Qxe7+ Rxe7 21.Rd8+ Re8 22.Rxe8+ Kxe8
23.Nd6+ Ke7 24.Nxb7 Bxb7 25.a5 Nd7 26.Rd1 Rc8 27.Nd5+ Bxd5 28.Rxd5 Rc6 29.Kf1 g5
30.Be3 Ke6 31.Ke2 h6 32.g3 Rd6 33.Bxc5 Rxd5 34.exd5+ Kxd5 35.Be7 f5 36.h4 Ke6
37.Bd8 gxh4 38.Bxh4 Ne5 39.Bd8 Kd5 40.b3 Ke4 41.Bc7 Nf3 42.Bd8 Nd4+ 43.Kd2 h5
44.Bf6 Nc6 45.Ke2 f4 46.Bc3 fxg3 47.fxg3 Ne7 48.Be1 Nc6 49.Bc3  1/2-1/2

[Event "SVK-chT 9798"]
[Site "SVK"]
[Date "1998.??.??"]
[Round "6"]
[White "Petrik, Stanislav"]
[Black "Djubek, Boris"]
[Result "1/2-1/2"]
[WhiteElo "2190"]
[BlackElo "2215"]

1.e4 c5 2.Nf3 d6 3.Bb5+ Bd7 4.Bxd7+ Qxd7 5.O-O Nc6 6.c3 g6 7.d4 cxd4 8.cxd4 Bg7
9.Nc3 Nf6 10.d5 Ne5 11.Nxe5 dxe5 12.Qb3 O-O 13.f3 Ne8 14.Be3 Nd6 15.Rac1 Rfc8
16.Nb1 b6 17.Nd2 h5 18.h3 Kh7 19.Kh2 Bh6 20.Bxh6 Kxh6 21.Qe3+ Kg7 22.Rxc8 Rxc8
23.f4 exf4 24.Qxf4 f6 25.e5 fxe5 26.Qxe5+ Kg8 27.Qg5 Kg7 28.Re1 Nf7 29.Qxe7 Qxd5
30.Ne4 Rc6 31.Nc3 Qd6+ 32.Qxd6 Rxd6 33.Re7 a5 34.Ne4 Rc6 35.Rb7 Kf8 36.Nc3 Nd6
37.Rb8+ Kf7 38.Kg3 Nc4 39.Na4 Rd6 40.b3 Rd3+ 41.Kf4 Rd4+ 42.Kf3 Ne5+ 43.Ke3 Rd1
44.Rb7+ Ke6 45.Rxb6+ Kf5 46.Nc5 Re1+ 47.Kf2 Rc1 48.Nb7 Rc2+ 49.Ke3 Rxg2 50.Nd6+ Kg5
51.Rb5 Kf6 52.Ne4+ Ke6 53.Rxa5 g5 54.Ra6+ Ke7 55.Nxg5 Rxg5 56.Kf4 Rg6 57.Rxg6 Nxg6+
58.Kg5 Ne5 59.Kxh5 Kf6 60.a4 Kf5 61.b4 Nc6 62.b5 Na5 63.b6 Nb7 64.Kh6 Kf6  1/2-1/2

[Event "SVK-chT 9798"]
[Site "SVK"]
[Date "1998.??.??"]
[Round "7"]
[White "Detko, Jan"]
[Black "Zavadsky, Peter"]
[Result "0-1"]
[WhiteElo "2120"]
[BlackElo "2240"]

1.e4 c5 2.Nf3 d6 3.Bb5+ Bd7 4.Bxd7+ Nxd7 5.c4 Ngf6 6.Nc3 g6 7.d4 cxd4 8.Nxd4 Bg7
9.Be3 O-O 10.f3 a6 11.Qd2 Rc8 12.b3 Re8 13.O-O Qa5 14.Rac1 e6 15.Rfd1 Qc7
16.Ndb5 axb5 17.Nxb5 Qb8 18.Nxd6 Bf8 19.Nxe8 Rxe8 20.c5 Qa8 21.Rc4 Qa6 22.Qc2 Rc8
23.b4 Ne5 24.Rc3 Nc6 25.a3 Ne8 26.Bc1 Nc7 27.Rcd3 e5 28.Bb2 Ne6 29.Qb3 Ncd4
30.Bxd4 exd4  0-1

[Event "SVE-chT 9798"]
[Site "Sweden"]
[Date "1998.??.??"]
[Round "8"]
[White "Wieweg, Johnny"]
[Black "Thornert, Hakan"]
[Result "1/2-1/2"]
[WhiteElo "2260"]
[BlackElo "2205"]

1.e4 c5 2.Nf3 d6 3.Bb5+ Bd7 4.a4 Nf6 5.Nc3 Nc6 6.O-O g6 7.d3 Bg7 8.h3 O-O
9.Be3 Ne8 10.Bc4 Nc7 11.Qd2 Nd4 12.Bxd4 cxd4 13.Ne2 e5 14.c3 dxc3 15.Nxc3 Be6
16.Bxe6 Nxe6 17.Nd5 Qd7 18.Rfc1 Rfc8 19.Kh2 Rc6 20.b4 Rac8 21.b5 Rxc1 22.Rxc1 Rxc1
23.Qxc1 Nc5 24.Qc4 h6 25.Nd2 Kh7 26.g3 a6 27.Nb3 axb5 28.Nxc5 dxc5 29.Qxb5 Qxb5
30.axb5 f5 31.f3 Bf8 32.Kg2 Kg7 33.Kf2 Kf7 34.Ke2 Ke6 35.Kd2 Be7 36.Kc3 fxe4
37.fxe4 Bd8 38.Kc4 Kd6 39.g4 Bg5 40.Kb3 Bd8 41.Kc4 Bg5 42.Kb3 Bd8  1/2-1/2

[Event "Tatry op"]
[Site "Tatranska Lomnica"]
[Date "1998.??.??"]
[Round "3"]
[White "Mrva, Vladimir"]
[Black "Veselovsky, Sergey"]
[Result "0-1"]
[WhiteElo "2185"]
[BlackElo "2425"]

1.e4 c5 2.Nf3 d6 3.Bb5+ Bd7 4.Bxd7+ Qxd7 5.c4 Nf6 6.Nc3 Nc6 7.d4 cxd4 8.Nxd4 Qg4
9.O-O Qxd1 10.Rxd1 Nxd4 11.Rxd4 Rc8 12.b3 g6 13.Bb2 Bg7 14.Rd2 Nd7 15.Nd5 Bxb2
16.Rxb2 a6 17.Rc2 e6 18.Ne3 Ke7 19.Rd1 Rhd8 20.f3 Ne5 21.Kf2 b5 22.cxb5 axb5
23.Rdd2 f5 24.Rxc8 Rxc8 25.f4 Nc6 26.exf5 gxf5 27.Rc2 Kd7 28.g4 fxg4 29.Nxg4 Rf8
30.Ke3 Nb4 31.Rd2 Nd5+ 32.Kf3 h5 33.Nf2 Nxf4 34.Kg3 e5 35.Ne4 d5 36.Nc3 Kc6
37.a4 bxa4 38.bxa4 d4 39.Nb5 Ne6 40.Kh4 Kc5 41.Kxh5 e4 42.Kg6 e3 43.Rc2+ Kd5
44.h4 Rf2 45.Rc1 e2 46.Re1 Nf4+ 47.Kg7 Rf1 48.Rxe2 Nxe2  0-1

[Event "Techirghiol"]
[Site "Techirghiol"]
[Date "1998.??.??"]
[Round "?"]
[White "Glodeanu, Ion"]
[Black "Kabanov, Nikolai"]
[Result "1-0"]
[WhiteElo "2355"]
[BlackElo "2335"]

1.e4 c5 2.Nf3 d6 3.Bb5+ Nd7 4.O-O a6 5.Bxd7+ Bxd7 6.Re1 Nf6 7.e5 dxe5 8.Nxe5 e6
9.Nc3 Be7 10.Qf3 Qc8 11.d3 O-O 12.Bg5 h6 13.Bh4 g5 14.Bg3 Bc6 15.Nxc6 Qxc6
16.Qxc6 bxc6 17.Na4 Nd5 18.f3 Rfd8 19.a3 Bf6 20.Be5 Bxe5 21.Rxe5 c4 22.dxc4 Nf4
23.g3 Ng6 24.Re2 Rd4 25.b3 e5 26.Rae1 h5 27.Nc5 g4 28.fxg4 hxg4 29.c3 Rdd8
30.Rf1 Kg7 31.Ref2 Rf8 32.Nd7 e4 33.Nxf8 Rxf8 34.Rf5 f6 35.Re1 Re8 36.Kf2 Re6
37.Ra5 Ne7 38.Rd1 f5 39.Ke3 Kf6 40.Rd8 Ng6 41.Rxa6 Ke7 42.Raa8 Kf7 43.Ra7+ Kf6
44.Rad7 Ke5 45.Rf7 Ne7 46.b4 Ng6 47.a4 Ne7  1-0

[Event "Techirghiol"]
[Site "Techirghiol"]
[Date "1998.??.??"]
[Round "?"]
[White "Glodeanu, Ion"]
[Black "Solcanean, Serghei"]
[Result "1/2-1/2"]
[WhiteElo "2355"]
[BlackElo "2160"]

1.e4 c5 2.Nf3 d6 3.Bb5+ Bd7 4.Qe2 Bxb5 5.Qxb5+ Qd7 6.Qxd7+ Nxd7 7.d3 Ngf6
8.O-O e6 9.Ng5 Be7 10.Nd2 O-O 11.a4  1/2-1/2

[Event "Techirghiol"]
[Site "Techirghiol"]
[Date "1998.??.??"]
[Round "?"]
[White "Kabanov, Nikolai"]
[Black "Solcanean, Serghei"]
[Result "1-0"]
[WhiteElo "2335"]
[BlackElo "2160"]

1.e4 c5 2.Nf3 d6 3.Bb5+ Nd7 4.O-O a6 5.Bxd7+ Bxd7 6.d4 cxd4 7.Qxd4 Nf6 8.Bg5 e6
9.Nc3 Bc6 10.Qd3 Be7 11.Nd4 O-O 12.f4 Qc7 13.f5 e5 14.Bxf6 Bxf6 15.Nxc6 bxc6
16.b3 Rfd8 17.Rad1 Qa5 18.Qc4 Rac8 19.b4 Qb6+ 20.Kh1 d5 21.Qb3 dxe4 22.Nxe4 Rd4
23.Nd6 Rc7 24.c4 Rd7 25.Rxd4 Qxd4 26.Rd1 Qg4 27.c5 h5 28.Re1 Qh4 29.g3 Qd4
30.Re2 h4 31.Re4 Qf2 32.Qd3 a5 33.Qe2 Qxe2 34.Rxe2 axb4 35.gxh4 Ra7 36.Rb2 Ra4
37.h5 e4 38.Re2 e3 39.Rxe3 Ra5 40.Re2 Bd4 41.Ne4 Kh7 42.Kg2 Kh6 43.Kf3 Kxh5
44.Kf4 f6 45.Ng3+ Kh6 46.Ne4 Ra3 47.Kg4 Kh7 48.h4 Rd3 49.Kh5 Rd1 50.Kg4 Rg1+
51.Kh5 Rf1 52.Kg4 Rc1 53.Rd2 Bxc5 54.Rd7 Kg8 55.Kh5 Bf8 56.Rc7 c5 57.Rd7 c4
58.Rb7 c3 59.Rb8  1-0

[Event "ROM-chT"]
[Site "Timisu de Sus"]
[Date "1998.??.??"]
[Round "2"]
[White "Cozianu, Costin"]
[Black "Istratescu, Andrei"]
[Result "1/2-1/2"]
[WhiteElo "2425"]
[BlackElo "2540"]

1.e4 c5 2.Nf3 d6 3.Bb5+ Bd7 4.c4 Bxb5 5.cxb5 Nf6 6.Nc3 g6 7.O-O Bg7 8.d4 cxd4
9.Nxd4 O-O 10.Qe2 Nbd7 11.Rd1 a6 12.Be3 Qa5 13.Nb3 Qc7 14.Rac1 Rfc8 15.e5 Nxe5
16.Nd5 Qd8 17.Bb6 Qf8 18.Nc7 axb5 19.Nxa8 Rxc1 20.Rxc1 Qxa8 21.Qxb5 Qxa2
22.Bd4 Nc6 23.Qxb7 Nxd4 24.Nxd4 h5 25.Nf3 Bf8 26.h3 Kg7 27.Qb4 e5 28.Qb7 Nh7
29.h4 Qe6 30.Ng5 Nxg5 31.hxg5 Be7 32.Rd1 Qg4 33.Qf3 Qb4 34.b3 Bxg5 35.Qd3 Bf6
36.Qc4 Qxc4 37.bxc4 Be7 38.Ra1 Kf6 39.f3 Ke6  1/2-1/2

[Event "ROM-chT"]
[Site "Timisu de Sus"]
[Date "1998.??.??"]
[Round "4"]
[White "Klinova, Masha"]
[Black "Kovalevskaya, Ekaterina"]
[Result "0-1"]
[WhiteElo "2395"]
[BlackElo "2480"]

1.e4 c5 2.Nf3 d6 3.Bb5+ Bd7 4.Bxd7+ Qxd7 5.c4 Nc6 6.Nc3 g6 7.d4 cxd4 8.Nxd4 Bg7
9.Be3 Nf6 10.f3 O-O 11.Qd2 Rfc8 12.b3 a6 13.O-O Nxd4 14.Bxd4 b5 15.cxb5 axb5
16.Rac1 e6 17.Rfd1 Qb7 18.Qe2 b4 19.Na4 Rc6 20.Rxc6 Qxc6 21.Qd2 Qb5 22.Qb2 e5
23.Bf2 Ra6 24.Qd2 d5 25.exd5 Rd6 26.Qc2 Rxd5 27.Rxd5 Qxd5 28.Nb6 Qe6 29.Qc4 Qd6
30.Bc5 Qd1+ 31.Kf2 e4 32.Qe2 Qh1 33.Qd2 h5 34.Qd8+ Kh7 35.Nd5 Qa1 36.Nxf6+ Bxf6
37.Qd2 Bc3 38.Qe2 exf3 39.gxf3 Qh1 40.Kg3 Qc1 41.Be3 Qb1 42.Kg2 Kg7 43.Bf2 Qf5
44.h4 Qd5 45.Qc2 Qa5 46.Be3 Bf6 47.Qf2 Kh7 48.Bb6 Qe5 49.Qg3 Qe7 50.Bf2 Be5
51.Qg5 Qxg5+ 52.hxg5 Bd6 53.Bh4 Kg8 54.Kf2 Kf8 55.Ke3 Ke7 56.Ke4 Ke6 57.f4 Bc5
58.Be1 Be7 59.Bf2 Bf8 60.Bh4 Bg7 61.Bf2 f5+ 62.gxf6 Bxf6 63.Be1 Be7 64.Bf2 h4
65.Be1 h3 66.Kf3 Kf5 67.Bd2 Bd6 68.Be3 h2 69.Kg2 Ke4 70.Bd2 Kd3 71.Be1 Ke2
72.Bh4 Bxf4 73.Be7 g5 74.Bxb4 g4 75.Bc5 g3  0-1

[Event "POL-ch U20"]
[Site "Trzebinia"]
[Date "1998.??.??"]
[Round "3"]
[White "Owczarzak, Jerzy"]
[Black "Miton, Kamil"]
[Result "0-1"]
[WhiteElo "2210"]
[BlackElo "2375"]

1.e4 c5 2.Nf3 d6 3.Bb5+ Bd7 4.a4 Nc6 5.c3 Nf6 6.d3 g6 7.O-O Bg7 8.Nbd2 O-O
9.Re1 Qc7 10.Bc4 Rad8 11.Ba2 Bc8 12.Nf1 b6 13.h3 Ba6 14.Bf4 Ne5 15.Bb1 Nfd7
16.Ne3 e6 17.Bg5 Nxf3+ 18.gxf3 Rde8 19.d4 Nf6 20.f4 Bb7 21.d5 Nh5 22.f5 exf5
23.exf5 Re5 24.Bc2 Rfe8 25.Qd2 Bf6 26.Bh6 Qe7 27.Kf1 Bg5 28.f6 Qxf6 29.Ng4 Bxd2
30.Nxf6+ Nxf6 31.Bxd2 Nxd5 32.c4 Rxe1+ 33.Rxe1 Rxe1+ 34.Kxe1 Ne7 35.Bf4 d5
36.Bb8 Nc6 37.Bc7 Nd4 38.Bd3 Ba6 39.Bb8 Nc6 40.Bc7 Bxc4 41.Bxc4 dxc4 42.Kd2 Kf8
43.Kc3 Ke7 44.Kxc4 Kd7 45.Bf4 f6 46.Kb5 Ne5 47.b3 Kc7 48.Ka6 Kc6 49.Kxa7 Nd3
50.Be3 f5 51.h4 f4 52.Bd2 h6 53.f3 g5 54.h5 Ne5 55.b4 cxb4 56.Bxb4 g4 57.fxg4 f3
58.Be1 Nxg4  0-1

[Event "Turku We TSY"]
[Site "Turku"]
[Date "1998.??.??"]
[Round "5"]
[White "Kiik, Kalle"]
[Black "Sorsa, Nuutti"]
[Result "1-0"]
[WhiteElo "2445"]
[BlackElo "2250"]

1.e4 c5 2.Nf3 d6 3.Bb5+ Nc6 4.O-O Bd7 5.Re1 Nf6 6.c3 a6 7.Bxc6 Bxc6 8.d4 Bxe4
9.Bg5 Bd5 10.Nbd2 e6 11.c4 Bxf3 12.Qxf3 Be7 13.dxc5 dxc5 14.Qxb7 O-O 15.Nb3 Re8
16.Rad1 Qc8 17.Qf3 Qc7 18.Bf4 Qb6 19.Be5 Rad8 20.Bc3 Rxd1 21.Rxd1 Rd8 22.Rxd8+ Qxd8
23.Na5 Qc8 24.h3 Nd7 25.Nc6 Bf8 26.h4 Qc7 27.h5 h6 28.g3 Qc8 29.Kf1 Nb6 30.b3 Qb7
31.Ke2 Qc8 32.Ne5 Qc7 33.Ng4 Nd7 34.Bb2 Qd6 35.Qe3 Qc7 36.Qd3 Qc6 37.Ne3 Nb6
38.Qd8 Qd6 39.Qe8 Qd7 40.Qb8 Qc6 41.Bc3 Nc8 42.Qf4 Nb6 43.Nf1 Nd7 44.Nd2 Bd6
45.Qg4 Bf8 46.Qh4 Nb6 47.Ne4 Nd7 48.Qf4 f5 49.Nd2 Bd6 50.Qe3 e5 51.Nf3 Nf6
52.Nxe5 Qe4 53.Qxe4 Nxe4 54.Bb2 Nf6 55.Nd3 Kf7 56.Ba3 Nd7 57.Ke3 Kf6 58.Bb2+ Kf7
59.a3 Nf6 60.Bxf6 Kxf6 61.b4 cxb4 62.axb4 Ke6 63.Kd4 Be7 64.Nc5+  1-0

[Event "JUG Cup"]
[Site "Ulcinj"]
[Date "1998.??.??"]
[Round "3"]
[White "Vujosevic, Vladimir"]
[Black "Markovic, Ivan"]
[Result "1/2-1/2"]
[WhiteElo "2375"]
[BlackElo "2445"]

1.e4 c5 2.Nf3 d6 3.Bb5+ Bd7 4.Bxd7+ Qxd7 5.c4 Nf6 6.Nc3 Nc6 7.O-O g6 8.d4 cxd4
9.Nxd4 Bg7 10.Nc2 O-O 11.b3 a6 12.Re1 Nh5 13.Bb2 b5 14.cxb5 axb5 15.Qd2 Ne5
16.Nd4 Rab8 17.Nd5 b4 18.Nxb4 Rxb4 19.Qxb4 Nf4 20.Re3 Ned3 21.Rxd3 Nxd3 22.Qd2 Nxb2
23.Qxb2 d5 24.e5 Bxe5 25.Rd1 Rc8  1/2-1/2

[Event "JUG Cup"]
[Site "Ulcinj"]
[Date "1998.??.??"]
[Round "3"]
[White "Simonovic, Aleksandar"]
[Black "Ilincic, Zlatko"]
[Result "0-1"]
[WhiteElo "2430"]
[BlackElo "2565"]

1.e4 c5 2.Nf3 d6 3.Bb5+ Bd7 4.Bxd7+ Qxd7 5.O-O g6 6.c3 Bg7 7.d4 Nc6 8.dxc5 dxc5
9.Qxd7+ Kxd7 10.Na3 Nf6 11.Rd1+ Ke8 12.e5 Nd7 13.e6 fxe6 14.Ng5 Nf8 15.Nb5 Be5
16.a4 h6 17.Ne4 Nd7 18.Be3 a6 19.f4 Bb8 20.Na3 b6 21.Nc4 Bc7 22.a5 Nxa5 23.Nxa5 bxa5
24.Nxc5 Nxc5 25.Bxc5 Rf8 26.g3 Rf5 27.Ba3 e5 28.fxe5 Rxe5 29.Re1 Rd8 30.Rxe5 Bxe5
31.Re1 Bd6 32.c4 Bxa3 33.bxa3 Rd3 34.Re6 Kf7 35.Rxa6 Rxa3 36.c5 Ra1+ 37.Kg2 a4
38.c6 Ke6 39.c7+ Kd7 40.Rc6 Kc8 41.Rxg6 a3 42.Rxh6 e5 43.g4 e4 44.g5 e3 45.g6 e2
46.g7 Rg1+ 47.Kxg1 e1=Q+ 48.Kg2  0-1

[Event "JUG Cup"]
[Site "Ulcinj"]
[Date "1998.??.??"]
[Round "3"]
[White "Ristic, Nebojsa"]
[Black "Todorovic, Jovan"]
[Result "0-1"]
[WhiteElo "2420"]
[BlackElo "2355"]

1.e4 c5 2.Nf3 d6 3.Bb5+ Bd7 4.Bxd7+ Qxd7 5.O-O Nc6 6.c3 Nf6 7.d4 Nxe4 8.d5 Ne5
9.Re1 Nxf3+ 10.Qxf3 Nf6 11.c4 e5 12.dxe6 fxe6 13.Nc3 Be7 14.Bg5 Rd8 15.Qe2 Kf7
16.Rad1 Rhe8 17.f4 d5 18.f5 exf5 19.Nxd5 Bd6 20.Qf3 Rxe1+ 21.Rxe1 Re8 22.Rf1 Ne4
23.Bf4 Kg8 24.Bxd6 Nxd6 25.Rd1 Qf7 26.Ne3 Qe6 27.Qd5 Qxd5 28.Rxd5 f4 29.Rxd6 fxe3
30.Kf1 Rf8+ 31.Ke2 Rf2+ 32.Kxe3 Rxb2 33.Kf3 Rb4 34.Rd5 Rxc4 35.Rd8+ Kf7 36.Rd7+ Kf6
37.Rxb7 Ra4 38.Rc7 c4 39.h4 h5 40.g3 Ke5 41.Rc5+ Kd4 42.Rxh5 Ra3+ 43.Kg4 c3
44.Rh8 Ra4 45.Kf3 c2 46.Rd8+ Kc3  0-1

[Event "JUG Cup"]
[Site "Ulcinj"]
[Date "1998.??.??"]
[Round "3"]
[White "Markovic, Miroslav"]
[Black "Pikula, Dejan"]
[Result "1/2-1/2"]
[WhiteElo "2540"]
[BlackElo "2440"]

1.e4 c5 2.Nf3 d6 3.Bb5+ Nd7 4.d4 cxd4 5.Qxd4 e5 6.Qd3 h6 7.O-O Nf6 8.b3 a6
9.Bxd7+ Bxd7 10.c4 Be7 11.Nc3 Bc6 12.a4 O-O 13.Ba3 Qc7 14.Rfd1 Rfd8 15.Rac1 Rac8
16.Nd5 Bxd5 17.cxd5 Qd7 18.Nd2 b5 19.axb5 axb5 20.Bb4 Ng4 21.h3 Nf6 22.Qf3 Nh7
23.Nf1 Bg5 24.Rxc8 Rxc8 25.Qg4 Qxg4 26.hxg4 Nf6 27.Bxd6 Nxg4 28.b4 Rc4 29.f3 Ne3
30.Ra1 Nc2 31.Ra8+ Kh7 32.Bxe5 Nxb4 33.Ra3 Nc2 34.Ra7 f6 35.Bg3 Ne3 36.Ra1 Nc2
37.Rb1 Nd4 38.Bf2 Ne2+ 39.Kh2 Rc1 40.Rxc1 Bxc1 41.Bc5 Kg8 42.g3 Kf7 43.Kg2 Nc3
44.Kf2 h5 45.Ne3 Bd2 46.Nc2 g5  1/2-1/2

[Event "JUG Cup"]
[Site "Ulcinj"]
[Date "1998.??.??"]
[Round "4"]
[White "Savic, Miodrag R"]
[Black "Kosanovic, Goran A"]
[Result "1/2-1/2"]
[WhiteElo "2425"]
[BlackElo "2445"]

1.e4 c5 2.Nf3 d6 3.Bb5+ Bd7 4.Bxd7+ Qxd7 5.O-O Nc6 6.Re1 Nf6 7.c3 e6 8.d3 Be7
9.Nbd2 O-O 10.Nf1 b5 11.Ng3 b4 12.h3 a5 13.Bg5 a4 14.a3 bxc3 15.bxc3 Rfb8
16.d4 Rb3 17.d5 Ne5 18.Nxe5 dxe5 19.c4 Ne8 20.Qg4 Bxg5 21.Qxg5 exd5 22.exd5 f6
23.Qh4 Nd6 24.Ne4 Nxe4 25.Qxe4 Qd6 26.Re3 Rab8 27.Rae1 g6 28.g4 Kg7 29.h4 Rxe3
30.Rxe3 Rb3 31.g5 Rxe3 32.gxf6+ Qxf6 33.Qxe3 Qf5 34.Kh2 h5 35.f3 Qf4+ 36.Qxf4 exf4
37.Kg2 Kf6 38.Kf2 Ke5 39.Ke1 Kf5 40.Ke2 Kf6 41.Kd3 Ke5  1/2-1/2

[Event "JUG Cup"]
[Site "Ulcinj"]
[Date "1998.??.??"]
[Round "6"]
[White "Vujosevic, Vladimir"]
[Black "Ilincic, Zlatko"]
[Result "1/2-1/2"]
[WhiteElo "2375"]
[BlackElo "2565"]

1.e4 c5 2.Nf3 d6 3.Bb5+ Bd7 4.Bxd7+ Qxd7 5.c4 g6 6.Nc3 Bg7 7.d4 Nc6 8.Be3 b6
9.O-O Nh6 10.d5 Na5 11.Bxh6 Bxh6 12.Qd3 Bg7 13.Rfe1 O-O 14.e5 e6 15.Rad1 Rad8
16.b3 dxe5 17.Nxe5 Bxe5 18.Rxe5 Nc6 19.Re3 exd5 20.Nxd5 Qd6 21.g3  1/2-1/2

[Event "JUG Cup"]
[Site "Ulcinj"]
[Date "1998.??.??"]
[Round "7"]
[White "Petronic, Jovan"]
[Black "Pavlovic, Milos"]
[Result "1/2-1/2"]
[WhiteElo "2450"]
[BlackElo "2535"]

1.e4 c5 2.Nf3 d6 3.Bb5+ Nd7 4.c4 Nf6 5.Nc3 g6 6.O-O Bg7 7.d3 O-O 8.Bxd7 Bxd7
9.h3 a6 10.Bg5 h6 11.Be3 b5 12.Qd2 Kh7 13.Nh2 bxc4 14.dxc4 Bc6 15.f3 Rb8
16.Ng4 h5 17.Nxf6+ Bxf6 18.Rab1 a5 19.Nd5 Bxd5 20.exd5 a4 21.Bg5 Bxg5 22.Qxg5 e5
23.Qxd8 Rfxd8 24.Rf2 h4 25.Rc2 f5 26.Kf2 Kg7 27.Ke3 Re8 28.Rd1 Kf6 29.Rd3 e4
30.Ra3 Rb4 31.b3 g5 32.fxe4 Rxe4+ 33.Kd3 axb3 34.axb3 Ke5 35.Rc3 Rb7 36.Ra2 f4
37.Re2 Rxe2 38.Kxe2 Ke4 39.Rd3 Re7 40.Rd2 f3+ 41.gxf3+ Kf4+ 42.Kf2 Re3 43.Rb2 Rxf3+
44.Kg2 Rg3+ 45.Kh2 Rc3 46.Rf2+ Rf3 47.Rb2 Ke3 48.b4 cxb4 49.Rxb4 Rf2+ 50.Kg1 Rc2
51.Rb6 Kf4 52.Kh1 Rxc4 53.Rxd6 Rd4 54.Ra6 Rxd5 55.Ra3 Re5 56.Kg2 Re2+ 57.Kg1 Re3
58.Ra4+ Kg3 59.Rg4+ Kxh3 60.Rxg5 Re1+ 61.Kf2 Ra1 62.Rg8 Ra3 63.Kg1 Ra1+ 64.Kf2 Ra4
65.Kg1  1/2-1/2

[Event "Vienna op 13th"]
[Site "Vienna"]
[Date "1998.??.??"]
[Round "?"]
[White "Staudner, Oliver"]
[Black "Beckhuis, Gernod"]
[Result "1/2-1/2"]
[WhiteElo "2350"]
[BlackElo "2275"]

1.e4 c5 2.Nf3 d6 3.Bb5+ Bd7 4.Bxd7+ Qxd7 5.c4 g6 6.Nc3 Bg7 7.d4 Nc6 8.Be3 cxd4
9.Nxd4 Rc8 10.O-O Nf6 11.f3 Nxd4 12.Qxd4 O-O 13.Qd3 a6 14.a4 Qc7 15.b3 Qa5
16.Rab1 Rfe8 17.Rfc1 h5 18.Bd4 Nd7 19.Bxg7 Kxg7 20.f4 Qc5+ 21.Kh1 Nf6 22.h3 Ng4
23.Nd1 Rh8 24.Qc3+ f6 25.a5 Nf2+ 26.Nxf2 Qxf2 27.Rf1 Qc5 28.Rbe1 e5 29.Rd1 exf4
30.Rxf4 Qe5 31.Qf3 Rc5 32.Rf1 Rf8 33.Qd3 Rxa5 34.Qb1  1/2-1/2

[Event "Donau op"]
[Site "Vienna"]
[Date "1998.??.??"]
[Round "4"]
[White "Hangweyrer, Manfred"]
[Black "Mujovic, Sabahudin"]
[Result "1/2-1/2"]
[WhiteElo "2385"]
[BlackElo "2235"]

1.e4 c5 2.Nf3 d6 3.Bb5+ Bd7 4.Bxd7+ Nxd7 5.O-O g6 6.c3 Bg7 7.d4 Ngf6 8.Qe2 cxd4
9.cxd4 d5 10.e5 Ne4 11.Ne1 Rc8 12.Be3 f6 13.f3 Ng5 14.exf6 Bxf6 15.Nc3 Nb6
16.Bf2 O-O 17.Nd3 Nc4 18.h4 Nf7 19.Nf4 Qd6 20.Nfxd5 a6 21.Rfe1 b5 22.Rad1 b4
23.Nxf6+ exf6 24.Ne4 Qe7 25.b3 Ncd6 26.Qxa6 Ra8 27.Qe2 f5 28.Nxd6 Qxd6 29.d5 Ra5
30.Qd2 Rd8 31.Re6 Qxd5 32.Qxd5 Raxd5 33.Rxd5 Rxd5 34.Be1 Rd4 35.Kf1 Nd6 36.Bxb4 Rxb4
37.Rxd6 Rxh4 38.Rd7 Rh1+ 39.Kf2 Ra1 40.a4 f4 41.Rb7 g5 42.Rb4 h6 43.Rb7 Kf8
44.Rh7 Ra2+ 45.Kg1 Ra3 46.Rxh6 Rxb3 47.Rg6 Ra3 48.Rxg5 Rxa4 49.Rb5 Kg7 50.Rb6 Ra8
51.Rb4 Rf8 52.Kf2 Kg6 53.Ke2 Kf5 54.Rb5+ Kf6 55.Rh5 Ra8 56.Rc5 Ra2+ 57.Kf1 Ra1+
58.Kf2 Rb1 59.Rc8 Ke5 60.Re8+ Kf5 61.Re1 Rb8 62.Ra1 Rb2+ 63.Kg1 Rb8 64.Ra5+ Kg6
65.g3 fxg3 66.Kg2 Rb4 67.Kxg3 Rc4 68.Ra6+ Kf5 69.Rh6 Kg5 70.Rh8 Rc3 71.Ra8 Rb3
72.Ra5+ Kf6 73.Kg4 Rb4+ 74.f4 Rb6 75.Rh5 Kg6 76.f5+ Kg7 77.Kg5 Ra6 78.Rh4 Rc6
79.Rd4 Ra6 80.Rd7+ Kf8  1/2-1/2

[Event "Donau op"]
[Site "Vienna"]
[Date "1998.??.??"]
[Round "7"]
[White "Wallner, Joachim"]
[Black "Stoll, Thomas"]
[Result "1-0"]
[WhiteElo "2185"]
[BlackElo "2280"]

1.e4 c5 2.Nf3 d6 3.Bb5+ Bd7 4.Bxd7+ Qxd7 5.O-O e6 6.d4 cxd4 7.Nxd4 Nc6 8.c4 Nf6
9.Nc3 Be7 10.Re1 O-O 11.b3 a6 12.a4 Rfd8 13.Bb2 Qc7 14.Re3 Qb6 15.Rd3 Nd7
16.Nxe6 fxe6 17.Qg4 Qxb3 18.Nd1 Qxb2 19.Nxb2 Nc5 20.Rdd1 Bf6 21.Rab1 Ne5
22.Qe2 g5 23.a5 Rac8 24.h3 Nc6 25.Nd3 Na4 26.Rxb7 Nxa5 27.Rdb1 Nxb7 28.Rxb7 Rb8
29.Ra7 Ra8 30.Rxa8 Rxa8 31.e5 dxe5 32.Nxe5 Rc8 33.Nd7 Kf7 34.Qc2 Nb2 35.Nxf6 Kxf6
36.Qxb2+ Kg6  1-0

[Event "Vlissingen HZ op"]
[Site "Vlissingen"]
[Date "1998.??.??"]
[Round "5"]
[White "Glek, Igor V"]
[Black "Janssen, Ruud"]
[Result "1-0"]
[WhiteElo "2565"]
[BlackElo "2290"]

1.e4 c5 2.Nf3 d6 3.Bb5+ Nc6 4.O-O Bd7 5.Re1 Nf6 6.c3 a6 7.Bf1 Bg4 8.h3 Bxf3
9.Qxf3 g6 10.Na3 Bg7 11.Nc2 Nd7 12.Qd1 Qb6 13.b3 O-O 14.Bb2 a5 15.Ne3 a4
16.bxa4 Qxb2 17.Nc4 Qxa1 18.Qxa1 Rxa4 19.Rb1 Rb8 20.Ne3 Rxe4 21.Rb2 Ra4 22.Qb1 Ra7
23.Bb5 Rba8 24.h4 e6 25.Bf1 Nd8 26.Bb5 Nc6 27.h5 d5 28.hxg6 hxg6 29.Bxc6 bxc6
30.g3 Bf8 31.Kg2 c4 32.Ng4 Nc5 33.Ne5 Nd3 34.Nxc6 Nxb2 35.Nxa7 Rxa7 36.Qxb2 Kg7
37.f4 Ba3 38.Qb6 Ra8 39.g4 Bc1 40.Qg1 Ba3 41.f5 gxf5 42.gxf5 Kf6 43.Qb1 Bd6
44.fxe6 fxe6 45.Kf3 Rb8 46.Qh7 Rb2 47.a4 Ra2 48.Qd7 Bf8 49.a5 Rxd2 50.a6 Rd3+
51.Kg4 Bc5 52.Qd8+ Kg6 53.Qc8 Be3 54.Qxe6+ Kg7 55.Kh5  1-0

[Event "Wattens op 13th"]
[Site "Wattens"]
[Date "1998.??.??"]
[Round "3"]
[White "Pilz, Dieter"]
[Black "Veselovsky, Sergey"]
[Result "0-1"]
[WhiteElo "2260"]
[BlackElo "2425"]

1.e4 c5 2.Nf3 d6 3.Bb5+ Bd7 4.Bxd7+ Qxd7 5.O-O Nf6 6.Re1 Nc6 7.b3 g6 8.Bb2 Bg7
9.d3 O-O 10.Nbd2 Nh5 11.Bxg7 Kxg7 12.Nc4 e5 13.Ne3 Nf4 14.c3 Ne6 15.Nh4 Kh8
16.Qg4 Ne7 17.Rad1 Qc6 18.g3 Rac8 19.Rd2 b5 20.Qf3 f5 21.Qg2 b4 22.cxb4 Nd4
23.Nc2 fxe4 24.dxe4 g5 25.Nxd4 cxd4 26.Nf5 Nxf5 27.exf5 Qc3 28.Red1 Rxf5
29.Qd5 Rf6 30.b5 Rcf8 31.a4 Kg7 32.Qc4 Rc8 33.Qd5 Rc5 34.Qb7+ Rc7 35.Qd5 Rc5
36.Qe4 Qf3 37.Qd3 Rc3 38.Qf1 Rxb3 39.Qh3 g4 40.Qh5 Rc3 41.a5 Qf5 42.Qe8 Rf7
43.Qb8 Qd7 44.b6 axb6 45.Qxb6 Qc7 46.Qb5 Ra3 47.Qe2 h5 48.a6 Qa5 49.Rb2 Qxa6
50.Qd2 Kg6 51.h4 gxh3 52.Rb8 Qc6  0-1